| 000 | 01325nam a2200397 c 4500 | ||
|---|---|---|---|
| 999 |
_c51492 _d51492 |
||
| 001 | 51492 | ||
| 003 | ES-MaCES | ||
| 005 | 20201020122827.0 | ||
| 007 | cr ||||||||||| | ||
| 008 | 200812n2020 sp | r o010 | spa d | ||
| 040 |
_aES-MaCES _bspa _cES-MaCES |
||
| 245 | 0 | 0 |
_aAnalizando el medio rural en clave positiva _hRecurso electrónico _b: REDPOBLAR |
| 260 |
_a[Madrid] _bREDR, Red Española de Desarrollo rural _c[2020?] |
||
| 300 |
_a1 documento pdf _c(109 mb) |
||
| 541 | _cGratuito | ||
| 650 | 4 |
_azona rural _928605 |
|
| 650 | 4 |
_adinámica poblacional _928510 |
|
| 650 | 7 |
_adesarrollo rural _928607 |
|
| 650 | 4 |
_apromoción rural _929720 |
|
| 650 | 7 |
_adesarrollo económico y social _929234 |
|
| 650 | 7 |
_anuevas tecnologías _930788 |
|
| 650 | 7 |
_aInternet _930572 |
|
| 650 | 7 |
_ateletrabajo _929568 |
|
| 650 | 7 |
_adesarrollo regional _929186 |
|
| 650 | 7 |
_aEspaña _926964 |
|
| 650 | 7 |
_aComunidades Autónomas _930768 |
|
| 650 | 7 |
_aUE _926752 |
|
| 650 | 7 |
_aproyecto de desarrollo _926655 |
|
| 650 | 7 |
_aestudio de casos _928846 |
|
| 650 | 7 |
_a2014-2020 _932049 |
|
| 653 | 1 | 0 | _aDesarrollo regional |
| 710 | 2 | 2 |
_939703 _aRed Española de Desarrollo Rural |
| 856 | 4 |
_uhttp://biblioteca.ces.es/repintra/B51492.pdf _ytexto completo _z[intranet] |
|
| 902 | _aELE PUB. ELECTRONICA | ||
| 942 |
_2CES _cBK _h1.1. |
||